ISO 9000 : Tài liệu hướng dẫn thực hiện
Giới thiệu chung hệ thống quản lí chất lượng theo mô hình ISO 9000. Giải thích và hướng dẫn áp dụng. Hướng dẫn xây dựng hệ thống tài liệu và đánh giá hệ thống quản lí chất lượng. Một số văn bản mẫu...
Salvato in:
| Autore principale: | |
|---|---|
| Natura: | Libro |
| Lingua: | Undetermined |
| Pubblicazione: |
Hà Nội
KHKT
1999
|
| Soggetti: | |
| Tags: |
Aggiungi Tag
Nessun Tag, puoi essere il primo ad aggiungerne! !
|
| Thư viện lưu trữ: | Trung tâm Học liệu Trường Đại học Cần Thơ |
|---|
| LEADER | 01006nam a2200217Ia 4500 | ||
|---|---|---|---|
| 001 | CTU_34174 | ||
| 008 | 210402s9999 xx 000 0 und d | ||
| 020 | |c 44000 | ||
| 082 | |a 658.401 | ||
| 082 | |b T502 | ||
| 100 | |a Lê, Anh Tuấn | ||
| 245 | 0 | |a ISO 9000 : | |
| 245 | 0 | |b Tài liệu hướng dẫn thực hiện | |
| 245 | 0 | |c Lê Anh Tuấn | |
| 260 | |a Hà Nội | ||
| 260 | |b KHKT | ||
| 260 | |c 1999 | ||
| 520 | |a Giới thiệu chung hệ thống quản lí chất lượng theo mô hình ISO 9000. Giải thích và hướng dẫn áp dụng. Hướng dẫn xây dựng hệ thống tài liệu và đánh giá hệ thống quản lí chất lượng. Một số văn bản mẫu | ||
| 650 | |a Managerial economics,Quality control,Total quality management,Kiểm soát chất lượng,Kinh tế quản lý | ||
| 904 | |i Minh, 991126, lthieu | ||
| 980 | |a Trung tâm Học liệu Trường Đại học Cần Thơ | ||